000
00339 a2200157 4500
001
62924
020
_a
9788567028514
040
_c
Anchieta - Pituba
100
_a
Hawking, Jane
240
1
0
_a
A teoria de tudo
_l
por
245
1
0
_a
A teoria de tudo
300
_a
447
362
0
_a
2014
650
4
_a
Ficção norte-americana
942
_c
BK
999
_c
62924
_d
62924